Obras dramáticas. tomo 3 /

Guardado en:
Autor Principal: Schiller, Johann Christoph Friedrich Von
Formato: Libro
Publicado: España : Luis Navarro, 1883
Etiquetas: Agregar Etiqueta
Sin Etiquetas, Sea el primero en etiquetar este registro!
LEADER 00424nam a22001455a 4500
001 CEM.cems005885
005 20060214000000.0
008 130507s1883##################000#0#####d
003 CEMS
082 0 4 |a 832.6 
100 1 |a Schiller, Johann Christoph Friedrich Von 
245 1 0 |a Obras dramáticas. tomo 3 / 
260 |a España :  |b Luis Navarro,  |c 1883 
300 |a 497 p.1 
859 |a CEMS  |b BIB. CEMS - 11 de abril  |h 832.6  |i Sc33/III  |p 5632.76  |t Ej.1